[Event "Groningen Open A"]
[Site "Groningen NED"]
[Date "2012.12.23"]
[Round "3.32"]
[White "Beukema, Stefan"]
[Black "Van Foreest, Lucas"]
[Result "1-0"]
[WhiteTitle "FM"]
[WhiteElo "2262"]
[BlackElo "2003"]
[WhiteFideId "1024523"]
[BlackFideId "1039792"]
[EventDate "2012.12.21"]

1. f4 d5 2. Nf3 Nf6 3. g3 c5 4. Bg2 Nc6 5. O-O g6 6. d3 Bg7 7. c3 O-O 8. Qe1 b6
9. e4 dxe4 10. dxe4 Ba6 11. Rf2 e5 12. f5 Qc7 13. Bg5 Rad8 14. Bf1 Bxf1 15. Rxf1
Rd3 16. Nbd2 h6 17. Bxf6 Bxf6 18. Qe2 Rd7 19. Nc4 Ne7 20. Ne3 h5 21. g4 gxf5 22.
g5 Bg7 23. exf5 e4 24. Nh4 Rfd8 25. Nhg2 Rd2 26. Qxh5 f6 27. Nf4 R8d6 28. gxf6
Bxf6 29. Qe8+ Kh7 30. Qf7+ Bg7 31. f6 Nd5 32. Qh5+ Kg8 33. Nfxd5 Qf7 34. Ne7+ 1-0

[Event "Groningen Open A"]
[Site "Groningen NED"]
[Date "2012.12.23"]
[Round "3.33"]
[White "Kerigan, Demre"]
[Black "IJzermans, Gijs"]
[Result "1-0"]
[WhiteElo "2233"]
[BlackElo "1966"]
[WhiteFideId "6307841"]
[BlackFideId "1031570"]
[EventDate "2012.12.21"]

1. e4 c5 2. Nf3 d6 3. Nc3 Nf6 4. d4 cxd4 5. Nxd4 a6 6. Be2 e5 7. Nf3 Be7 8. O-O
Nc6 9. Bg5 Be6 10. Qd2 h6 11. Bxf6 Bxf6 12. Nd5 Bxd5 13. Qxd5 Qc7 14. c3 Rd8 15.
Bc4 O-O 16. Qd3 Ne7 17. Rfd1 Ng6 18. g3 Qc8 19. Nd2 Bg5 20. Nf1 Kh8 21. Bd5 Qg4
22. f3 Qh3 23. Qe2 Rd7 24. Qg2 Qxg2+ 25. Kxg2 Bd8 26. Ne3 b5 27. a4 Bb6 28. Nc2
Rc8 29. axb5 axb5 30. Ra6 Bc5 31. Bc6 Rdc7 32. Bxb5 Rb8 33. c4 Ba7 34. Nb4 Bc5
35. Nc6 Rbb7 36. h4 Kh7 37. b4 Rxc6 38. Rxc6 Bxb4 39. Rdxd6 Bxd6 40. Rxd6 Nf8
41. Rd5 Re7 42. c5 Ne6 43. Rxe5 Rc7 44. c6 Nd4 45. Ba4 Ne6 46. Ra5 g5 47. hxg5
hxg5 48. Kh3 Kg6 49. Kg4 f6 50. Rd5 Kf7 51. e5 fxe5 52. Bb3 Kf8 53. Rxe5 Nd4 54.
Bd5 Kg7 55. Rxg5+ Kf6 56. Be4 Ne6 57. Rf5+ Kg7 58. Rb5 Kf6 59. Rf5+ Kg7 60. f4
Nd4 61. Rd5 Kh6 62. Rd6+ 1-0

[Event "Groningen Open A"]
[Site "Groningen NED"]
[Date "2012.12.23"]
[Round "3.34"]
[White "Jacobs, Florian"]
[Black "Breder, Dennis"]
[Result "0-1"]
[BlackTitle "IM"]
[WhiteElo "2151"]
[BlackElo "2438"]
[WhiteFideId "1018329"]
[BlackFideId "4636945"]
[EventDate "2012.12.21"]

1. d4 d5 2. c4 e6 3. Nc3 c6 4. e4 dxe4 5. Nxe4 Bb4+ 6. Bd2 Qxd4 7. Bxb4 Qxe4+ 8.
Ne2 Na6 9. Bf8 Ne7 10. Bxg7 Nb4 11. Bxh8 e5 12. Qb3 Nc2+ 13. Kd2 Nxa1 14. Qd3
Qxd3+ 15. Kxd3 Bf5+ 16. Kc3 O-O-O 17. Ng3 Rxh8 18. Nxf5 Nxf5 19. Bd3 Nh4 20. g3
Nf3 21. h4 c5 22. Rxa1 h6 23. Be4 Nd4 24. Bd5 f5 25. Re1 Re8 26. a3 a5 27. Rb1
a4 28. Bf7 Rf8 29. Bh5 Kc7 30. Re1 Kd6 31. Bd1 Ra8 32. Rg1 e4 33. g4 Rg8 34. g5
hxg5 35. hxg5 Ke5 36. g6 Kf6 37. g7 Ne6 38. Bxa4 Ng5 39. Rd1 Rxg7 40. Rd6+ Ke5
41. Rd5+ Kf4 42. Bd7 Rf7 43. Kd2 Nf3+ 44. Ke2 Nd4+ 45. Kf1 Rh7 46. Ba4 b6 47. b4
Ra7 48. bxc5 bxc5 49. Bd1 Rxa3 50. Rxc5 Ra1 51. Ke1 Nf3+ 52. Ke2 Ne5 53. Bc2 Ra2
54. Kd1 Ng4 55. Bb1 Rxf2 56. Rb5 Ne3+ 57. Ke1 Kf3 58. Rxf5+ Nxf5 59. Bxe4+ Ke3 0-1

[Event "Groningen Open A"]
[Site "Groningen NED"]
[Date "2012.12.23"]
[Round "3.35"]
[White "Sparenberg, Erik"]
[Black "Pel, Bonno"]
[Result "0-1"]
[BlackTitle "FM"]
[WhiteElo "2114"]
[BlackElo "2288"]
[WhiteFideId "1013262"]
[BlackFideId "1004760"]
[EventDate "2012.12.21"]

1. e4 d6 2. d4 Nf6 3. Nc3 g6 4. Nf3 c6 5. Be2 Bg7 6. O-O O-O 7. a4 Nbd7 8. Bf4
Qa5 9. Qd2 e5 10. Bg5 Re8 11. dxe5 dxe5 12. Rfd1 Qb4 13. Bd3 a5 14. Ne2 Qf8 15.
h3 Nc5 16. Ng3 b6 17. Be3 Bb7 18. Qc3 Nxd3 19. Qxd3 c5 20. Qb3 Re6 21. Rd2 h6
22. Qc4 Qe8 23. Rad1 Qc6 24. Rd8+ Rxd8 25. Rxd8+ Kh7 26. Nd2 Qc7 27. Qd3 Ba6 28.
c4 Bc8 29. f4 exf4 30. Bxf4 Qxf4 0-1

[Event "Groningen Open A"]
[Site "Groningen NED"]
[Date "2012.12.23"]
[Round "3.36"]
[White "Van der Auweraert, Elwin"]
[Black "Lyell, Mark"]
[Result "1-0"]
[BlackTitle "FM"]
[WhiteElo "2126"]
[BlackElo "2226"]
[WhiteFideId "1029568"]
[BlackFideId "402354"]
[EventDate "2012.12.21"]

1. e4 e5 2. Nf3 Nc6 3. Bb5 f5 4. Nc3 fxe4 5. Nxe4 Nf6 6. Nxf6+ Qxf6 7. Qe2 Be7
8. Bxc6 bxc6 9. Nxe5 O-O 10. O-O Qe6 11. Re1 Bc5 12. Nf3 Qxe2 13. Rxe2 d6 14. d4
Bb6 15. a4 a5 16. Be3 Rb8 17. Nd2 Ba7 18. b3 Re8 19. Ree1 Bf5 20. Rac1 Be6 21.
f3 Rb4 22. c4 Bf5 23. Kf2 Rbb8 24. g4 Bg6 25. f4 Re7 26. Kf3 Kf8 27. f5 Bf7 28.
Re2 Rxe3+ 29. Kxe3 Re8+ 30. Kd3 Rxe2 31. Kxe2 Bxd4 32. Kd3 Bf6 33. Nf3 c5 34. g5
Bd8 35. h4 Be8 36. Ke4 Bc6+ 37. Kf4 Bd7 38. Nd2 c6 39. Nf3 Bc7 40. Ke4 g6 41. f6
Bf5+ 42. Ke3 Bb6 43. Kd2 Be4 44. Ne1 d5 45. Nd3 Bc7 46. cxd5 Bxd5 47. Nxc5 Bg3
48. Ke3 Bxh4 49. Kf4 h6 50. gxh6 Kg8 51. Ne4 Kh7 52. Rh1 g5+ 53. Nxg5+ Bxg5+ 54.
Kxg5 1-0

[Event "Groningen Open A"]
[Site "Groningen NED"]
[Date "2012.12.23"]
[Round "3.37"]
[White "Brookes, Christopher"]
[Black "Von Meijenfeldt, Bart"]
[Result "0-1"]
[WhiteElo "2163"]
[BlackElo "2155"]
[WhiteFideId "4669355"]
[BlackFideId "1032259"]
[EventDate "2012.12.21"]

1. e4 b6 2. d4 Bb7 3. Nc3 e6 4. a3 Ne7 5. Bg5 h6 6. Bh4 d5 7. e5 Qd7 8. Qg4 Nf5
9. Bd3 c5 10. dxc5 bxc5 11. f4 d4 12. Nd1 Nxh4 13. Qxh4 Bxg2 14. Nf2 Qb7 15.
O-O-O Bxh1 16. Nxh1 Qxh1 17. Be2 Qb7 18. f5 exf5 0-1

[Event "Groningen Open A"]
[Site "Groningen NED"]
[Date "2012.12.23"]
[Round "3.39"]
[White "Henseler, Jorgen"]
[Black "Calzetta Ruiz, Monica"]
[Result "1/2-1/2"]
[BlackTitle "WGM"]
[WhiteElo "2076"]
[BlackElo "2286"]
[WhiteFideId "1023233"]
[BlackFideId "2204185"]
[EventDate "2012.12.21"]

1. e4 c5 2. Nf3 Nc6 3. d4 cxd4 4. Nxd4 g6 5. Nc3 Bg7 6. Be3 Nf6 7. Bc4 O-O 8.
Bb3 d6 9. f3 Bd7 10. Qd2 Nxd4 11. Bxd4 b5 12. O-O a5 13. a3 a4 14. Ba2 Qa5 15.
Rfd1 b4 16. axb4 Qxb4 17. Nd5 Nxd5 18. Bxg7 Kxg7 19. Bxd5 Rab8 20. Qxb4 Rxb4 21.
b3 Rc8 22. Rdc1 Rc3 23. Rab1 e6 24. Bc4 f5 25. Rd1 Rb6 26. exf5 gxf5 27. bxa4
Rxb1 28. Rxb1 Bxa4 29. Bxe6 Bxc2 30. Rc1 Rc5 31. Kf2 f4 32. g3 Kf6 33. Bg8 fxg3+
34. hxg3 h5 35. f4 Kg7 36. Bd5 Rxd5 37. Rxc2 Kf6 38. Rc8 Kf5 39. Rg8 Ke4 40.
Re8+ Kd4 41. Re6 1/2-1/2

[Event "Groningen Open A"]
[Site "Groningen NED"]
[Date "2012.12.23"]
[Round "3.40"]
[White "Beerdsen, Thomas"]
[Black "Heemskerk, Wim"]
[Result "0-1"]
[BlackTitle "FM"]
[WhiteElo "2076"]
[BlackElo "2253"]
[WhiteFideId "1030108"]
[BlackFideId "1001000"]
[EventDate "2012.12.21"]

1. e4 e6 2. f4 d5 3. e5 c5 4. Nf3 Nc6 5. c3 Nh6 6. Na3 Nf5 7. Nc2 Be7 8. Bd3 Qb6
9. Ne3 d4 10. Nc4 Qc7 11. a4 b6 12. O-O Bb7 13. Na3 Rd8 14. Qe2 Qd7 15. Be4 d3
16. Qd1 Ncd4 17. Nxd4 Bxe4 18. Nxf5 exf5 19. b3 Qc6 20. Rf2 h5 21. Nc4 Bh4 22.
g3 Be7 23. h4 Qe6 24. Ne3 f6 25. exf6 Bxf6 26. Bb2 Qe7 27. Qf1 g6 28. Nc4 O-O
29. Re1 Rfe8 30. Re3 Qe6 31. Qd1 a6 32. Na3 Qd7 33. Nc4 b5 34. axb5 axb5 35. Ne5
Bxe5 36. fxe5 c4 37. Ba3 Rxe5 38. bxc4 bxc4 39. Bb4 Ra8 40. Rf1 Rae8 41. Bc5 Bc6
42. Rff3 Rxe3 43. Bxe3 Qd5 44. Kf2 Ra8 0-1

[Event "Groningen Open A"]
[Site "Groningen NED"]
[Date "2012.12.23"]
[Round "3.42"]
[White "Vereggen, Lars"]
[Black "Knol, Geon"]
[Result "0-1"]
[WhiteElo "2059"]
[BlackElo "2160"]
[WhiteFideId "1029258"]
[BlackFideId "1012142"]
[EventDate "2012.12.21"]

1. d4 d5 2. Nf3 Nf6 3. g3 e6 4. Bg2 Be7 5. O-O O-O 6. c4 dxc4 7. Ne5 Nc6 8. Nxc6
bxc6 9. Bxc6 Rb8 10. Bg2 Bb7 11. Nc3 Bxg2 12. Kxg2 c5 13. dxc5 Qc8 14. Qa4 Bxc5
15. Qxc4 Qc6+ 16. f3 Rb4 17. Qd3 Bb6 18. Rd1 Rd4 19. Qc2 Rxd1 20. Qxd1 Rd8 21.
Qe1 h6 22. Bf4 Nd5 23. Nxd5 Qxd5 24. Qc3 Qb5 25. Kf1 Qf5 26. Kg2 Qb5 27. Kf1 Bd4
28. Qb3 Qxb3 29. axb3 e5 30. Bc1 Bc5 31. e3 Rd1+ 32. Ke2 Rh1 33. h4 f5 34. Kd2
Bb4+ 35. Kc2 a5 36. Rb1 e4 37. fxe4 fxe4 0-1

[Event "Groningen Open A"]
[Site "Groningen NED"]
[Date "2012.12.23"]
[Round "3.44"]
[White "Theulings, Paul-Peter"]
[Black "Hummel, Paul"]
[Result "1-0"]
[WhiteTitle "CM"]
[WhiteElo "2105"]
[BlackElo "2021"]
[WhiteFideId "1002899"]
[BlackFideId "1021168"]
[EventDate "2012.12.21"]

1. Nf3 c5 2. c4 Nc6 3. d4 cxd4 4. Nxd4 g6 5. e4 Bh6 6. Nc3 Bxc1 7. Rxc1 Nf6 8.
Be2 O-O 9. O-O d6 10. Nc2 a6 11. Ne3 Be6 12. Ned5 Bxd5 13. cxd5 Ne5 14. Qd4 Ned7
15. f4 Qb6 16. Qxb6 Nxb6 17. g4 h6 18. h4 g5 19. fxg5 hxg5 20. h5 Nfd7 21. Nd1
Rac8 22. Ne3 e6 23. dxe6 fxe6 24. Rxf8+ Kxf8 25. Rxc8+ Nxc8 26. b4 Ne5 27. Nc4
Nxc4 28. Bxc4 Kf7 29. Kf2 Kf6 30. Ke3 Ne7 31. a3 Ke5 32. Bd3 Ng8 33. Be2 Nh6 34.
a4 b6 35. a5 bxa5 36. bxa5 d5 37. exd5 exd5 38. Kf3 Kd4 39. Bxa6 Nf7 40. Bf1
Ne5+ 41. Kg3 Nc6 42. h6 1-0

[Event "Groningen Open A"]
[Site "Groningen NED"]
[Date "2012.12.23"]
[Round "3.45"]
[White "Grigoryan, Meri"]
[Black "Dehn, Marcus"]
[Result "0-1"]
[WhiteTitle "WF"]
[WhiteElo "2025"]
[BlackElo "2105"]
[WhiteFideId "13300571"]
[BlackFideId "4667093"]
[EventDate "2012.12.21"]

1. d4 d6 2. c4 Nf6 3. Nc3 g6 4. e4 Bg7 5. h3 O-O 6. Nf3 c6 7. Bg5 h6 8. Be3 a6
9. Qd2 Kh7 10. g4 b5 11. g5 hxg5 12. Nxg5+ Kg8 13. f4 bxc4 14. Bxc4 d5 15. Bb3
dxe4 16. O-O-O Bf5 17. Rdg1 Nbd7 18. h4 Nh5 19. Ncxe4 Ndf6 20. Nc5 Nd5 21. Nf3
f6 22. Bc2 Qc8 23. Rg2 Bxc2 24. Kxc2 Qf5+ 25. Nd3 Qe4 26. Re1 Qxf3 27. Rxg6 Kf7
28. Rgg1 Qe4 29. Bf2 Qf5 30. Be3 Bh6 31. Rgf1 Ng3 32. Rf3 Ne4 33. Qe2 Nd6 34.
Kd1 Kg8 35. Bc1 Kh7 36. Nc5 Rg8 37. Ne6 Rg4 38. Nc7 Ra7 39. Nxd5 cxd5 40. Ra3
Nc4 41. Rf3 a5 42. a3 Nd6 43. Qc2 Qxc2+ 44. Kxc2 Nf5 45. Kd3 Rb7 46. Rd1 Rg2 0-1

[Event "Groningen Open A"]
[Site "Groningen NED"]
[Date "2012.12.24"]
[Round "4.1"]
[White "Burg, Twan"]
[Black "Michalik, Peter"]
[Result "0-1"]
[WhiteTitle "IM"]
[BlackTitle "GM"]
[WhiteElo "2498"]
[BlackElo "2508"]
[WhiteFideId "1010697"]
[BlackFideId "14907526"]
[EventDate "2012.12.21"]

1. e4 c6 2. d4 d5 3. e5 Bf5 4. Nd2 e6 5. Nb3 c5 6. dxc5 Bxc5 7. Nxc5 Qa5+ 8. c3
Qxc5 9. Be3 Qc7 10. f4 Ne7 11. Nf3 Nbc6 12. Be2 O-O 13. O-O Rfd8 14. Rc1 Be4 15.
Nd4 Nxd4 16. Bxd4 b6 17. Ba6 Rab8 18. Qe2 Nf5 19. Bf2 Qe7 20. Rcd1 g6 21. a4 h5
22. g3 Kg7 23. Rfe1 Rh8 24. Bd3 Bxd3 25. Rxd3 Rbc8 26. b3 Qb7 27. Rf3 a6 28. h3
d4 29. c4 b5 30. axb5 axb5 31. g4 hxg4 32. hxg4 Nh4 33. Rg3 bxc4 34. bxc4 d3 35.
Qxd3 Rxc4 36. Qe3 Qd5 37. Kf1 Rhc8 38. Qb3 Qh1+ 39. Rg1 Qf3 40. Qxf3 Nxf3 41.
Be3 Rc2 42. Re2 Nxg1 43. Bxg1 R8c4 44. Rxc2 Rxc2 45. g5 Kf8 46. Bf2 Ke7 47. Kg2
Rc3 48. Be1 Rb3 49. Bg3 Kd7 50. Kh3 Kc6 51. Kg4 Kd5 52. Bh2 Ke4 53. Bg3 Rb2 0-1

[Event "Groningen Open A"]
[Site "Groningen NED"]
[Date "2012.12.24"]
[Round "4.2"]
[White "Andriasian, Zaven"]
[Black "Gormally, Daniel W"]
[Result "1-0"]
[WhiteTitle "GM"]
[BlackTitle "GM"]
[WhiteElo "2605"]
[BlackElo "2495"]
[WhiteFideId "13302000"]
[BlackFideId "406465"]
[EventDate "2012.12.21"]

1. e4 c6 2. d4 d5 3. e5 c5 4. dxc5 Nc6 5. Bf4 e6 6. Nf3 Bxc5 7. Bd3 Nge7 8. Nbd2
Ng6 9. Bg3 f6 10. exf6 Qxf6 11. Bxg6+ Qxg6 12. O-O O-O 13. Nb3 Bb6 14. c3 Bd7
15. Nbd4 Bxd4 16. cxd4 Qh5 17. Rc1 Rxf3 18. gxf3 Rf8 19. Rc3 Qh3 20. Bd6 Rf6 21.
f4 Qh4 22. Rg3 Rh6 23. Rg2 Be8 24. Be5 Rg6 25. Rg3 Ne7 26. Qf3 Nf5 27. Rxg6 hxg6
28. Rc1 Bc6 29. Qg2 Kf7 30. Qg5 Qh8 31. Rc3 a5 32. Kg2 Nh4+ 33. Kh1 Nf5 34. Qg4
Qd8 35. Rc1 Qb6 36. Rg1 Qxb2 37. Qxg6+ Ke7 38. Bxg7 Qxf2 39. Bf6+ Kd6 40. Be5+
Kd7 41. Qh7+ Ne7 42. h3 Bb5 43. Rg7 Qf1+ 44. Kh2 Qf2+ 45. Rg2 Qf3 46. Qc2 Bc4
47. Rg3 Qh5 48. Rg7 Ke8 49. Qa4+ Nc6 50. Qa3 1-0

[Event "Groningen Open A"]
[Site "Groningen NED"]
[Date "2012.12.24"]
[Round "4.3"]
[White "Kovchan, Alexander"]
[Black "Naroditsky, Daniel"]
[Result "1/2-1/2"]
[WhiteTitle "GM"]
[BlackTitle "IM"]
[WhiteElo "2579"]
[BlackElo "2483"]
[WhiteFideId "14103052"]
[BlackFideId "2026961"]
[EventDate "2012.12.21"]

1. e4 c5 2. Nf3 d6 3. d4 cxd4 4. Nxd4 Nf6 5. Nc3 a6 6. Be2 e5 7. Nb3 Be7 8. O-O
O-O 9. Re1 Be6 10. Bf3 Nbd7 11. a4 Qc7 12. a5 Rfc8 13. h3 h6 14. Be3 b5 15. axb6
Nxb6 16. Na5 Nc4 17. Nxc4 Bxc4 18. Be2 Qb7 19. Bxc4 Rxc4 20. Qd3 Rac8 21. Bc1
R8c6 22. Ra3 Rb4 23. Ra2 Bd8 24. f3 Rbc4 25. Be3 Bb6 26. Bxb6 Qxb6+ 27. Qe3 Qb7
28. Rd1 Rb4 29. b3 Qc8 30. Rd3 Rb7 31. Ne2 Rxc2 32. Rxa6 Rxb3 33. Raxd6 Rxd3 34.
Rxd3 1/2-1/2

[Event "Groningen Open A"]
[Site "Groningen NED"]
[Date "2012.12.24"]
[Round "4.4"]
[White "Hausrath, Daniel"]
[Black "Van Kampen, Robin"]
[Result "0-1"]
[WhiteTitle "IM"]
[BlackTitle "GM"]
[WhiteElo "2483"]
[BlackElo "2570"]
[WhiteFideId "4617495"]
[BlackFideId "1020854"]
[EventDate "2012.12.21"]

1. Nf3 g6 2. g3 Bg7 3. d4 c5 4. c3 Qa5 5. Bg2 cxd4 6. Nxd4 Nf6 7. O-O O-O 8. e4
Nc6 9. Re1 d6 10. h3 Bd7 11. Be3 Rac8 12. Nd2 Rfd8 13. Qb3 e5 14. Nc4 exd4 15.
Nxa5 Nxa5 16. Qb4 Nc6 17. Qxd6 dxe3 18. Rxe3 Bxh3 19. Qf4 Be6 20. Re2 Ng4 21. e5
Ngxe5 22. Rd2 Re8 23. Bd5 h5 24. Bxe6 Rxe6 25. Kg2 Rce8 26. Rad1 Ng4 27. Rd6 Re2
28. R1d2 Bh6 29. Rxe2 Rxe2 30. Rxg6+ Bg7 31. Rxg4 hxg4 32. Qxg4 Re6 33. b4 b6
34. b5 Ne7 35. Qf3 f5 36. a4 Re4 37. Qd1 Kf7 38. Qb3+ Ke8 39. a5 Be5 40. a6 Bd6
41. Qd1 Kd7 42. Qh5 Be5 43. Qd1+ Bd6 44. Qh5 Be5 45. Qd1+ Kc7 46. Qb3 Bd6 47.
Qf7 Bc5 48. f3 Re2+ 49. Kh3 Kd7 50. Qc4 Re6 51. Kg2 Bd6 52. Qd3 Rg6 53. f4 Re6
54. Qf3 Re4 55. Qh5 Rc4 56. Qf3 Re4 57. Qh5 Rc4 58. Qf3 Ke6 59. Qa8 Nc8 60. Qf3
Ne7 61. Qa8 Nc8 62. Qf3 Rc5 63. Kh3 Be7 64. Kg2 Nd6 65. g4 Nxb5 66. gxf5+ Kxf5
67. Qh3+ Kxf4 68. Qd7 Bf6 69. Qd2+ Ke5 70. Qd7 Nc7 71. Qd4+ Ke6 72. Qe4+ Be5 73.
Qg6+ Kd5 74. Qf7+ Kc6 75. c4 Nxa6 76. Qxa7 Nc7 77. Qa4+ Kb7 78. Kf3 Rc6 79. Qa2
Re6 80. Ke4 Bd6+ 81. Kd3 Na6 82. Qg2+ Kc7 83. Qa8 Nb4+ 84. Kc3 Nc6 85. Qg8 Re7
86. Qg5 Be5+ 87. Kc2 Rg7 88. Qh5 Rd7 89. Qg6 Bd6 90. Qh5 Bc5 91. Qh2+ Kb7 92.
Qh1 Rd6 93. Qh7+ Ka6 94. Qg8 Rd8 95. Qg2 Nb4+ 96. Kb3 Ka5 97. Qe4 Rd3+ 98. Kb2
Bd4+ 99. Kc1 Ka4 100. Qg4 Kb3 101. c5 Na2+ 102. Kb1 Nc3+ 103. Ka1 Ne2+ 0-1

[Event "Groningen Open A"]
[Site "Groningen NED"]
[Date "2012.12.24"]
[Round "4.5"]
[White "Deviatkin, Andrei"]
[Black "Roy Chowdhury, Saptarshi"]
[Result "0-1"]
[WhiteTitle "GM"]
[BlackTitle "IM"]
[WhiteElo "2569"]
[BlackElo "2441"]
[WhiteFideId "4121260"]
[BlackFideId "5002974"]
[EventDate "2012.12.21"]

1. e4 c5 2. c3 d6 3. d4 cxd4 4. cxd4 Nf6 5. Nc3 g6 6. h3 Bg7 7. Nf3 O-O 8. Bd3
Nc6 9. Be3 a6 10. O-O b5 11. Rc1 Bd7 12. d5 Ne5 13. Nxe5 dxe5 14. Qd2 Ne8 15.
Ne2 Nd6 16. Ng3 Rc8 17. Rxc8 Qxc8 18. Rc1 Qb7 19. b4 Rc8 20. Bc5 Rc7 21. Rc2 Qc8
22. Ne2 f5 23. exf5 gxf5 24. Ng3 e4 25. Be2 Qf8 26. Nh5 Bh6 27. Qd4 Be8 28. Rc3
Bxh5 29. Bxh5 e3 30. Ra3 Ne4 31. Rxe3 Bxe3 32. Qxe3 Qf6 33. Bf3 Qg5 34. Qa3 Qg6
35. Bxe4 fxe4 36. Qb3 Kf8 37. Qe3 Rd7 38. Qf4+ Ke8 39. Qb8+ Kf7 40. Qf4+ Ke8 41.
Qe5 Kf7 42. a3 Kf8 43. Kh2 Qf7 44. Qxe4 Qxd5 45. Qxh7 Qe5+ 46. g3 Rd5 47. Qh6+
Kf7 48. Qxa6 Rd1 49. Qb7 Re1 50. Qf3+ Ke6 51. h4 Qf5 52. Qb7 Kf7 53. Kg2 Re4 54.
Be3 Ke8 55. h5 Kf7 56. h6 Kg6 57. Qc6+ Kh7 58. a4 bxa4 59. Qxa4 Rc4 60. Qa1 Qg6
61. Qe5 Re4 62. Qc5 Re6 63. Qd5 Rd6 64. Qb7 Qe6 65. Qf3 Rd5 66. g4 Rb5 67. Qf4
Re5 68. Qd4 Qd6 69. Qxd6 exd6 70. Kf3 Kg6 71. Bf4 Re6 72. b5 d5 73. Be3 Re4 74.
Ke2 d4 75. g5 dxe3 0-1

[Event "Groningen Open A"]
[Site "Groningen NED"]
[Date "2012.12.24"]
[Round "4.6"]
[White "Das, Arghyadip"]
[Black "Ernst, Sipke"]
[Result "1/2-1/2"]
[WhiteTitle "IM"]
[BlackTitle "GM"]
[WhiteElo "2476"]
[BlackElo "2562"]
[WhiteFideId "5003610"]
[BlackFideId "1004689"]
[EventDate "2012.12.21"]

1. e4 e5 2. Nf3 Nc6 3. Bb5 a6 4. Ba4 Nf6 5. O-O Be7 6. Re1 b5 7. Bb3 d6 8. c3
O-O 9. d4 Bg4 10. d5 Na5 11. Bc2 c6 12. h3 Bc8 13. dxc6 Qc7 14. Nbd2 Qxc6 15.
Nf1 Nc4 16. a4 h6 17. b3 Nb6 18. a5 Nbd7 19. Bd2 Re8 20. Ng3 Bf8 21. Rc1 Bb7 22.
c4 bxc4 23. bxc4 Nc5 24. Nh2 Rab8 25. Nhf1 Qd7 26. Rb1 Rec8 27. Bb4 Qc7 28. Nd2
Bc6 29. Qf3 Ne6 30. Qa3 g6 31. Ne2 h5 32. Bd3 Nd7 33. Nc3 Ndc5 34. Nd5 Bxd5 35.
cxd5 Nxd3 36. Qxd3 Nd4 37. Qxa6 Qc2 38. Nf1 Bh6 39. Bxd6 Ra8 40. Qb6 Ne2+ 41.
Rxe2 Qxe2 42. Bxe5 Ra6 43. Qb5 Qxb5 44. Rxb5 f6 45. Bb2 Rc4 46. e5 fxe5 47. Bxe5
Bf8 48. Nd2 1/2-1/2

[Event "Groningen Open A"]
[Site "Groningen NED"]
[Date "2012.12.24"]
[Round "4.7"]
[White "Barua, Dibyendu"]
[Black "Bok, Benjamin"]
[Result "1/2-1/2"]
[WhiteTitle "GM"]
[BlackTitle "IM"]
[WhiteElo "2410"]
[BlackElo "2522"]
[WhiteFideId "5000025"]
[BlackFideId "1017063"]
[EventDate "2012.12.21"]

1. e4 e5 2. Nf3 Nc6 3. Bc4 Nf6 4. d3 Be7 5. O-O O-O 6. Bb3 d6 7. c3 Na5 8. Bc2
c5 9. a3 Nc6 10. b4 a6 11. Re1 d5 12. Bb2 dxe4 13. dxe4 Be6 14. Nbd2 b5 15. Nf1
Qb6 16. Ne3 Rfd8 17. Qe2 a5 18. Ng5 axb4 19. axb4 cxb4 20. Nd5 Bxd5 21. exd5
bxc3 22. Bxc3 Bb4 23. Rxa8 Rxa8 24. dxc6 Bxc3 25. Rb1 Qxc6 26. Qxb5 Qxb5 27.
Rxb5 g6 28. g3 h6 29. Ne4 Nxe4 30. Bxe4 Ra2 31. Rc5 Bd4 32. Rc2 Ra7 33. g4 Kg7
34. Kg2 Ra6 35. Rc7 Rf6 36. f3 Rd6 37. Kf1 Be3 38. h3 Bf4 39. Ke1 h5 40. Kf1 h4
41. Kg2 Rd2+ 42. Kg1 Kf6 43. Rb7 Be3+ 44. Kh1 Ke6 45. Rb3 Bf4 46. Rb6+ Ke7 47.
Rb7+ Kf6 48. Kg1 Ke6 49. Rb6+ Ke7 50. Rb7+ Kf6 51. Rc7 Ke6 52. Rc6+ Kd7 53. Ra6
g5 54. Ra7+ Ke6 55. Ra6+ Ke7 56. Ra7+ Kf6 57. Rc7 Rd1+ 58. Kg2 Rd2+ 59. Kg1 Rh2
60. Bd5 Rxh3 61. Rxf7+ Kg6 62. Rf8 Be3+ 63. Kg2 Rg3+ 64. Kh2 Rg1 65. Rh8 Rd1 66.
Be4+ Kf6 67. Rh6+ Ke7 68. Kg2 Rd2+ 69. Kh1 Bf4 70. Kg1 Bh2+ 71. Kh1 Bg3 72. Kg1
Kd7 73. Kh1 Kc7 74. Rc6+ Kd7 75. Rh6 Rd1+ 76. Kg2 Ke7 77. Ba8 Rd2+ 78. Kh1 Rh2+
79. Kg1 h3 80. Be4 Rg2+ 81. Kh1 Rh2+ 82. Kg1 Rg2+ 83. Kh1 Bh4 84. Rc6 Rd2 85.
Rc2 Rxc2 1/2-1/2

[Event "Groningen Open A"]
[Site "Groningen NED"]
[Date "2012.12.24"]
[Round "4.8"]
[White "Pancevski, Filip"]
[Black "Hovhanisian, Mher"]
[Result "1/2-1/2"]
[WhiteTitle "IM"]
[BlackTitle "IM"]
[WhiteElo "2512"]
[BlackElo "2477"]
[WhiteFideId "15002187"]
[BlackFideId "13300865"]
[EventDate "2012.12.21"]

1. e4 e6 2. Qe2 Be7 3. Nf3 d5 4. d3 Nf6 5. g3 c5 6. Bg2 Nc6 7. O-O O-O 8. Re1 b5
9. Nbd2 b4 10. e5 Nd7 11. Nf1 a5 12. h4 Ba6 13. c4 bxc3 14. bxc3 a4 15. N1h2 Rb8
16. Qc2 Qa5 17. h5 d4 18. c4 Qc3 19. Qxa4 Qxa1 20. Qxc6 Rb1 21. Qxd7 Rxc1 22.
Rxc1 Qxc1+ 23. Bf1 Bd8 24. Qa4 Bb7 25. Qa7 Qb2 26. Qxc5 Bb6 27. Qe7 Bxf3 28.
Nxf3 h6 29. a3 Ra8 30. Qb4 Qxb4 31. axb4 Ra4 32. c5 Ba7 33. Nxd4 Rxb4 34. Nc6
Bxc5 1/2-1/2

[Event "Groningen Open A"]
[Site "Groningen NED"]
[Date "2012.12.24"]
[Round "4.13"]
[White "Van Overdam, Julian"]
[Black "Matnadze, Ana"]
[Result "0-1"]
[BlackTitle "IM"]
[WhiteElo "2268"]
[BlackElo "2401"]
[WhiteFideId "1015303"]
[BlackFideId "13601377"]
[EventDate "2012.12.21"]

1. e4 c6 2. d4 d5 3. e5 Bf5 4. Nf3 Bg4 5. Be2 e6 6. O-O h5 7. Nbd2 Nh6 8. c4 Nf5
9. Qb3 Qb6 10. Qxb6 axb6 11. cxd5 exd5 12. h3 Bxf3 13. Nxf3 Be7 14. Bd3 g6 15.
e6 fxe6 16. Re1 Nd7 17. g4 hxg4 18. hxg4 Rh3 19. Kg2 Rxf3 20. Kxf3 Nxd4+ 21. Ke3
e5 22. Bxg6+ Kd8 23. f4 Ra4 24. Rh1 Bc5 25. Kd3 e4+ 26. Kc3 Bb4+ 27. Kxd4 Bd2+ 0-1

[Event "Groningen Open A"]
[Site "Groningen NED"]
[Date "2012.12.24"]
[Round "4.17"]
[White "Maatman, Nick"]
[Black "Afek, Yochanan"]
[Result "1-0"]
[BlackTitle "IM"]
[WhiteElo "2167"]
[BlackElo "2311"]
[WhiteFideId "1040391"]
[BlackFideId "2800462"]
[EventDate "2012.12.21"]

1. Nf3 Nf6 2. g3 g6 3. b3 d6 4. Bb2 e5 5. c4 Bg7 6. Bg2 O-O 7. O-O Nh5 8. d4 e4
9. Ne1 f5 10. f4 c5 11. e3 Nc6 12. Nc2 cxd4 13. Nxd4 Qb6 14. Na3 Nxd4 15. Bxd4
Bxd4 16. Qxd4 Qxd4 17. exd4 Bd7 18. Kf2 h6 19. Rg1 Nf6 20. h3 d5 21. Bf1 a6 22.
Be2 Kf7 23. Nc2 Be6 24. Ne3 Rfd8 25. c5 Ne8 26. Nd1 Nc7 27. Nc3 Rg8 28. b4 Kf6
29. a4 g5 30. b5 gxf4 31. gxf4 Rxg1 32. Rxg1 axb5 33. axb5 Ne8 34. b6 Ke7 35.
Rg6 Bf7 36. Rg3 Nf6 37. Nb5 Ne8 38. Nc7 Kf6 39. Bb5 Ng7 40. c6 bxc6 41. b7 Rb8
42. Ba6 Be8 43. Rc3 Ne6 44. Nxe8+ 1-0